000 00431nam a2200169 a 4500
005 20140414132133.0
008 131210s19uu xx 00 eng d
020 _a9781601690760
050 _aTR
_bPri934 2010
100 _aGayados, Nora
245 _aPrincess of the potty.
260 _aWashington, USA :
_bInnovative Kidz,
_cc2010.
300 _a24
440 _aNow I'm growing!
650 _aReadiness-
999 _c115292
_d115292